<?xml version="1.0" encoding="UTF-8"?>
<marc:record xmlns:marc="http://www.loc.gov/MARC21/slim">
   <marc:leader>00000nam a2200000 a 4500</marc:leader>
   <marc:datafield ind1="1" ind2=" " tag="100">
      <marc:subfield code="a">Alves, Katja</marc:subfield>
      <marc:subfield code="4">aut</marc:subfield>
      <marc:subfield code="e">Verfasser/-in</marc:subfield>
   </marc:datafield>
   <marc:datafield ind1=" " ind2=" " tag="653">
      <marc:subfield code="a">Mädchen</marc:subfield>
   </marc:datafield>
   <marc:datafield ind1=" " ind2=" " tag="653">
      <marc:subfield code="a">Gang</marc:subfield>
   </marc:datafield>
   <marc:datafield ind1=" " ind2=" " tag="653">
      <marc:subfield code="a">Bande</marc:subfield>
   </marc:datafield>
   <marc:datafield ind1=" " ind2=" " tag="653">
      <marc:subfield code="a">Kinderbande</marc:subfield>
   </marc:datafield>
   <marc:datafield ind1="0" ind2="0" tag="245">
      <marc:subfield code="a">Beste Freundinnen und das Super-Kaninchen</marc:subfield>
   </marc:datafield>
   <marc:datafield ind1=" " ind2="1" tag="264">
      <marc:subfield code="b">Arena Verl.</marc:subfield>
      <marc:subfield code="c">2015</marc:subfield>
   </marc:datafield>
   <marc:datafield ind1="1" ind2=" " tag="490">
      <marc:subfield code="a">Der Muffin Club</marc:subfield>
   </marc:datafield>
   <marc:datafield ind1="1" ind2=" " tag="520">
      <marc:subfield code="a">Wollt ihr wissen, was gar nicht geht? Eine Artistin ohne Kunststücke! Kein Wunder, dass Tamtam sauer ist, denn sie hat keinen Platz mehr zum Üben. Und was fast noch schlimmer ist: Der Muffin-Club hat auch keinen geheimen Treffpunkt mehr, weil Tamtams Eltern die leere Wohnung im Haus einfach so vermietet haben. An den blöden Shiva und seine Mutter! Doch zum Glück wissen die Freundinnen vom Muffin-Club gleich, wie sie ihr Clubhaus zurückerobern können: mit jeder Menge Tricks und Tamtams Kaninchen Super-Albert. Doch plötzlich ist das auch noch verschwunden … </marc:subfield>
   </marc:datafield>
   <marc:datafield ind1=" " ind2=" " tag="020">
      <marc:subfield code="a">9783401704029</marc:subfield>
      <marc:subfield code="9">9783401704029</marc:subfield>
   </marc:datafield>
</marc:record>
